[Event "36th Zalakaros Open 2017"]
[Site "Zalakaros HUN"]
[Date "2017.05.24"]
[Round "7.43"]
[White "Pujari, Rucha"]
[Black "Borsos, Bogdan"]
[Result "1/2-1/2"]
[WhiteTitle "WFM"]
[BlackTitle "IM"]
[WhiteElo "2203"]
[BlackElo "2321"]
[WhiteFideId "5024528"]
[BlackFideId "14100568"]
[EventDate "2017.05.18"]

1. d4 d5 2. c4 dxc4 3. Nf3 Nf6 4. e3 e6 5. Bxc4 a6 6. O-O c5 7. dxc5 Bxc5 8.
Qxd8+ Kxd8 9. a3 b5 10. Be2 Bb7 11. b4 Bd6 12. Bb2 Nbd7 13. Nbd2 Rc8 14. Rac1
Ke7 15. Nd4 Ne5 16. N2b3 Bd5 17. Na5 1/2-1/2

[Event "36th Zalakaros Open 2017"]
[Site "Zalakaros HUN"]
[Date "2017.05.24"]
[Round "7.46"]
[White "Ugroczky, Peter"]
[Black "Rapport, Jovana"]
[Result "1/2-1/2"]
[WhiteTitle "FM"]
[BlackTitle "WGM"]
[WhiteElo "2185"]
[BlackElo "2334"]
[WhiteFideId "758663"]
[BlackFideId "937266"]
[EventDate "2017.05.18"]

1. e4 d5 2. exd5 Qxd5 3. Nf3 Bg4 4. Be2 Nc6 5. d4 e5 6. c4 Qa5+ 7. Bd2 Bb4 8. d5
Bxf3 9. Bxf3 Nd4 10. O-O Nxf3+ 11. gxf3 O-O-O 12. a3 Bxd2 13. Nxd2 Ne7 14. b4
Qa6 15. Kh1 Nf5 16. Qe2 Rhe8 17. Qd3 Qg6 18. Ne4 Nd4 19. Rg1 Qh6 20. Qe3 Qa6 21.
b5 Qa5 22. Rac1 Kb8 23. Ng3 g5 24. Ne2 Nxe2 25. Qxe2 Qxa3 26. Ra1 Qc3 27. Qa2
Kc8 28. Qxa7 Qxc4 29. Qa8+ Kd7 30. Qxb7 Rb8 31. Qa6 Rb6 32. Qa7 Qf4 33. Qa3 Rh6
34. Rg2 Rb8 35. Qc5 Qxf3 36. Rc1 Rc8 37. d6 Rxd6 38. Qxe5 f6 39. Qc5 Rd1+ 40.
Rxd1+ Qxd1+ 41. Rg1 Qf3+ 42. Rg2 Re8 43. Qd4+ Kc8 44. Qg4+ Qxg4 45. Rxg4 Kb7 46.
Rd4 Re5 47. f4 Rxb5 48. Rd7 gxf4 49. Rxh7 f3 50. Kg1 Rf5 51. h4 Kc6 52. h5 Kd6
53. h6 Rh5 54. Rh8 Ke5 55. Rc8 Rxh6 56. Rxc7 Kf4 57. Kf2 Rh2+ 58. Kf1 Ra2 59.
Rc8 f5 60. Rc7 f2 61. Rc4+ Kg3 62. Rc3+ Kg4 63. Rb3 f4 64. Rc3 Kf5 65. Rf3 Kg4
66. Rxf2 Ra1+ 67. Kg2 Re1 68. Ra2 Re3 69. Kf2 Rb3 70. Rc2 Ra3 71. Rb2 Ra4 72.
Rb3 Ra2+ 73. Kf1 Rd2 74. Ra3 Rb2 75. Rc3 Ra2 76. Rb3 Ra8 77. Rc3 Rh8 78. Ra3 Rh5
79. Rb3 Ra5 80. Rc3 Ra4 81. Rb3 f3 82. Rb8 Kg3 83. Rg8+ Kf4 84. Rf8+ 1/2-1/2

[Event "36th Zalakaros Open 2017"]
[Site "Zalakaros HUN"]
[Date "2017.05.24"]
[Round "7.47"]
[White "Papp, Petra"]
[Black "Rakesh, Kumar Jena"]
[Result "1/2-1/2"]
[WhiteTitle "WGM"]
[BlackTitle "FM"]
[WhiteElo "2371"]
[BlackElo "2288"]
[WhiteFideId "739049"]
[BlackFideId "5084822"]
[EventDate "2017.05.18"]

1. e4 c5 2. Nf3 d6 3. d4 cxd4 4. Nxd4 Nf6 5. f3 g6 6. c4 Bg7 7. Nc3 O-O 8. Be3
Nc6 9. Qd2 Nxd4 10. Bxd4 Be6 11. Rc1 Qa5 12. Be2 Rfc8 13. b3 b5 14. Nd5 Qxd2+
15. Kxd2 Nxd5 16. exd5 Bxd4 17. dxe6 b4 18. exf7+ Kxf7 19. f4 Rc5 20. Bf3 Re8
21. Kd3 Bc3 22. a4 Kg7 23. Rhf1 Rf5 24. Be4 Rf6 25. g3 Ref8 26. Bg2 e5 27. fxe5
Rf2 28. Rxf2 Rxf2 29. Rc2 Rxc2 30. Kxc2 Bxe5 31. Kd3 h5 32. Ke4 Kf6 33. Bf3 h4
34. gxh4 Bxh2 35. h5 gxh5 36. Bxh5 Bg1 37. Kd5 Bc5 38. a5 Kg5 39. Be8 Kh4 40. a6
Kg3 1/2-1/2

[Event "36th Zalakaros Open 2017"]
[Site "Zalakaros HUN"]
[Date "2017.05.24"]
[Round "7.49"]
[White "Krykun, Yuriy"]
[Black "Sankalp, Gupta"]
[Result "1/2-1/2"]
[WhiteTitle "FM"]
[WhiteElo "2308"]
[BlackElo "2269"]
[WhiteFideId "14140667"]
[BlackFideId "5097010"]
[EventDate "2017.05.18"]

1. Nf3 Nf6 2. c4 g6 3. Nc3 d5 4. cxd5 Nxd5 5. e4 Nxc3 6. dxc3 Qxd1+ 7. Kxd1 Bg7
8. Bf4 c6 9. Kc2 Nd7 10. Bc4 Nc5 11. Nd2 Be6 12. f3 b6 13. Be3 Bxc4 14. Nxc4 Nd7
15. Bf4 O-O-O 16. b4 Nf8 17. Bg5 f6 18. Be3 Ne6 19. a4 Rd7 20. Bxb6 axb6 21.
Nxb6+ Kc7 22. Nxd7 Kxd7 23. Rhd1+ Kc7 24. Rd3 Ra8 25. Rad1 Nf8 26. Kb3 f5 27.
exf5 gxf5 28. f4 Bf6 29. g3 e6 30. a5 Be7 31. Ka4 Rb8 32. h3 h5 33. Rg1 Rb5 34.
g4 fxg4 35. hxg4 h4 36. Re1 Bd6 37. Rh1 Ng6 38. Rxd6 Kxd6 39. c4 Rb8 40. f5 exf5
41. gxf5 Ne7 42. Rxh4 Nxf5 43. Rh1 Ne7 44. Rh6+ 1/2-1/2

[Event "36th Zalakaros Open 2017"]
[Site "Zalakaros HUN"]
[Date "2017.05.24"]
[Round "7.52"]
[White "Szukics, Adam"]
[Black "Injac, Teodora"]
[Result "1/2-1/2"]
[BlackTitle "WFM"]
[WhiteElo "2229"]
[BlackElo "2296"]
[WhiteFideId "751871"]
[BlackFideId "932400"]
[EventDate "2017.05.18"]

1. e4 e6 2. d4 d5 3. Nd2 Be7 4. e5 c5 5. c3 Nc6 6. Ngf3 cxd4 7. cxd4 Nh6 8. Bd3
Nf5 9. Nb3 Bd7 10. g4 Nh4 11. Nxh4 Bb4+ 12. Kf1 Qxh4 13. Kg2 f6 14. f4 fxe5 15.
fxe5 O-O 16. Be3 Be7 17. Be2 Be8 18. Qe1 Bg6 19. Qxh4 Bxh4 20. Rhf1 h6 21. Bf3
b6 22. a3 a5 23. Rac1 Rac8 24. Be2 a4 25. Rxf8+ Kxf8 26. Nd2 Na7 27. Rxc8+ Nxc8
28. Nf3 Be4 29. Bb5 Na7 30. Bxa4 b5 31. Bd1 Nc6 32. Kf1 Bd8 33. Nd2 Bg6 34. Nb3
Bb6 35. Ke2 Bb1 36. Kd2 Ba2 37. Nc1 Bc4 38. b3 Bf1 39. Kc3 Nxe5 40. Bf4 Nc6 41.
Be5 Nxe5 42. dxe5 d4+ 43. Kd2 Bc7 44. Be2 Bh3 45. Nd3 g5 46. Bf3 Bf1 47. Nc5 Ke7
48. Ke1 Bb6 49. b4 Bc4 50. Kd2 Bc7 51. Nd3 Kd7 52. Nc5+ Ke7 53. Nd3 Kd7 54. Nc5+
Kc8 55. Nd3 Kd7 1/2-1/2

[Event "36th Zalakaros Open 2017"]
[Site "Zalakaros HUN"]
[Date "2017.05.25"]
[Round "8.1"]
[White "Banusz, Tamas"]
[Black "Nabaty, Tamir"]
[Result "1/2-1/2"]
[WhiteTitle "GM"]
[BlackTitle "GM"]
[WhiteElo "2616"]
[BlackElo "2640"]
[WhiteFideId "722413"]
[BlackFideId "2809052"]
[EventDate "2017.05.18"]

1. Nf3 d5 2. g3 Nd7 3. d4 Ngf6 4. Bg2 b5 5. O-O Bb7 6. c3 e6 7. a4 b4 8. a5 Rb8
9. Bf4 Ba6 10. Qc2 Be7 11. cxb4 Rxb4 12. Nc3 O-O 13. Na2 Rb7 14. Rfc1 1/2-1/2

[Event "36th Zalakaros Open 2017"]
[Site "Zalakaros HUN"]
[Date "2017.05.25"]
[Round "8.3"]
[White "Nisipeanu, Liviu-Dieter"]
[Black "Erdos, Viktor"]
[Result "1/2-1/2"]
[WhiteTitle "GM"]
[BlackTitle "GM"]
[WhiteElo "2686"]
[BlackElo "2614"]
[WhiteFideId "1202758"]
[BlackFideId "719978"]
[EventDate "2017.05.18"]

1. e4 e5 2. Nf3 Nc6 3. Bb5 a6 4. Ba4 Nf6 5. d3 b5 6. Bb3 Bc5 7. Nc3 d6 8. Nd5 h6
9. c3 Be6 10. Nxf6+ Qxf6 11. O-O Bxb3 12. axb3 O-O 13. b4 Bb6 14. g3 Qe6 15. Nh4
Ne7 16. Qf3 f5 17. exf5 Nxf5 18. Nxf5 Qxf5 19. Qxf5 Rxf5 20. Be3 d5 21. d4 exd4
22. cxd4 Rf6 23. Rfc1 Re6 24. Kf1 Re4 25. Rd1 Re6 26. Ke2 c6 27. Kd3 Bd8 28. Re1
Kf7 29. Bd2 Rxe1 30. Rxe1 h5 31. f4 g6 32. f5 gxf5 33. Re5 Bf6 34. Rxf5 Kg6 35.
Rf1 Re8 36. Ra1 h4 37. Rxa6 hxg3 38. hxg3 Re6 39. Ra8 Bg7 40. Rc8 Bf6 41. g4 Bg7
42. Bf4 Bf6 43. b3 Kf7 44. Rc7+ Kg6 45. Rc8 Kf7 46. g5 Be7 47. Rh8 Rg6 48. Rh7+ 1/2-1/2

[Event "36th Zalakaros Open 2017"]
[Site "Zalakaros HUN"]
[Date "2017.05.25"]
[Round "8.4"]
[White "Kovalenko, Igor"]
[Black "Papp, Gabor1"]
[Result "1/2-1/2"]
[WhiteTitle "GM"]
[BlackTitle "GM"]
[WhiteElo "2657"]
[BlackElo "2592"]
[WhiteFideId "14117908"]
[BlackFideId "718602"]
[EventDate "2017.05.18"]

1. d4 Nf6 2. Nf3 d5 3. c4 e6 4. Nc3 Bb4 5. e3 O-O 6. Bd2 b6 7. Rc1 Be7 8. cxd5
exd5 9. Bd3 c5 10. O-O Bg4 11. h3 Bh5 12. Be2 Nbd7 13. Re1 Re8 14. Bb5 Bd6 15.
Bc6 Rc8 16. Bb7 Rb8 17. Bxd5 cxd4 18. exd4 Rxe1+ 19. Bxe1 Nxd5 20. Nxd5 Nf6 21.
Nxf6+ Qxf6 22. Bc3 Bxf3 23. Qxf3 Qxf3 24. gxf3 f6 25. Kf1 Kf7 26. Re1 Rd8 27.
Re4 f5 28. Re1 Bf4 29. a4 Rd6 30. Ke2 Rh6 31. Rh1 g5 32. Kf1 Ke6 33. Kg2 Kd5 34.
Ra1 a6 35. Rd1 Re6 36. Kf1 Rh6 37. Kg2 Re6 38. Kf1 Rh6 39. Kg2 Rc6 40. Kf1 Re6
41. Re1 Rxe1+ 42. Kxe1 Kc4 43. Ke2 b5 44. axb5 axb5 45. d5 Kxd5 46. b3 Be5 47.
Ba5 Kd4 48. Bb4 h5 49. Kd2 Bf4+ 50. Ke2 Bc7 51. Kd2 Be5 52. Bc3+ Kd5 53. Bb4 Bd6
54. Bxd6 Kxd6 55. f4 gxf4 56. f3 Kc5 57. Kc3 b4+ 58. Kd3 Kd5 59. h4 Kc5 60. Ke2 1/2-1/2

[Event "36th Zalakaros Open 2017"]
[Site "Zalakaros HUN"]
[Date "2017.05.25"]
[Round "8.5"]
[White "Mihok, Oliver"]
[Black "Gupta, Abhijeet"]
[Result "1/2-1/2"]
[WhiteTitle "GM"]
[BlackTitle "GM"]
[WhiteElo "2532"]
[BlackElo "2626"]
[WhiteFideId "728012"]
[BlackFideId "5010608"]
[EventDate "2017.05.18"]

1. e4 c5 2. Nf3 d6 3. d4 cxd4 4. Nxd4 Nf6 5. Nc3 a6 6. Be3 e5 7. Nb3 Be6 8. f3
Nbd7 9. g4 b5 10. g5 b4 11. Ne2 Ng8 12. Qd2 a5 13. f4 h6 14. f5 Bxb3 15. axb3
hxg5 16. Ng3 g4 17. Bb5 Nf6 18. O-O-O Be7 19. Kb1 Rb8 20. Qe2 Kf8 21. Rd2 Qc7
22. Rhd1 Nc5 23. Bg5 Rb6 24. Bc4 Bd8 25. Bxf6 Bxf6 26. Qxg4 Rh4 27. Qe2 Qb8 28.
Rd5 a4 29. Rxc5 dxc5 30. bxa4 Rd6 31. Bd5 Ke7 32. Nf1 Bg5 33. Ne3 Kf8 34. Rg1
Bf4 35. Qg2 g5 36. Ng4 c4 37. Bxc4 Rd2 38. Qf3 Qa7 39. Rd1 Qd4 40. Rxd2 Qxd2 41.
h3 Qc1+ 42. Ka2 Qxc2 43. Bb3 Qd2 44. Qf1 Qd7 45. Qc4 Kg7 46. Qxb4 Rh8 47. Qb6
Qd8 48. Qb7 Rf8 49. Qc6 Rh8 50. Qb7 Rf8 51. Qc6 Rh8 52. Qb7 1/2-1/2

[Event "36th Zalakaros Open 2017"]
[Site "Zalakaros HUN"]
[Date "2017.05.25"]
[Round "8.7"]
[White "Svane, Rasmus"]
[Black "Mikhalevski, Victor"]
[Result "1/2-1/2"]
[WhiteTitle "GM"]
[BlackTitle "GM"]
[WhiteElo "2573"]
[BlackElo "2520"]
[WhiteFideId "4657101"]
[BlackFideId "2801914"]
[EventDate "2017.05.18"]

1. Nf3 g6 2. e4 c5 3. c4 Bg7 4. d4 cxd4 5. Nxd4 Nc6 6. Be3 Nf6 7. Nc3 Ng4 8.
Qxg4 Nxd4 9. Qd1 e5 10. Bd3 O-O 11. O-O d6 12. Nd5 Be6 13. Bxd4 exd4 14. Qb3 Qd7
15. Rae1 Rac8 16. Qa3 b6 17. Qb4 Rfe8 18. Nf4 Bh6 19. Nxe6 Rxe6 20. f4 Rce8 21.
Qd2 Qa4 22. Qf2 Qxa2 23. Ra1 Qb3 24. Ra3 Qb4 25. Rxa7 R6e7 26. Rxe7 Rxe7 27. Ra1
Re8 28. g3 Bg7 29. Qc2 Rc8 30. Qe2 Re8 31. Qc2 Rc8 32. Qe2 Re8 33. Kg2 f5 34.
Kh3 Kh8 35. Qc2 fxe4 36. Bxe4 Bf6 37. Ra8 Rxa8 38. Bxa8 Qe1 39. Kg2 Qa1 40. Bd5
d3 41. Qxd3 Qxb2+ 42. Kh3 Qf2 43. Qb1 Bd4 44. Qd1 Kg7 45. Bg2 h5 46. Qf3 Qxf3
47. Bxf3 1/2-1/2

[Event "36th Zalakaros Open 2017"]
[Site "Zalakaros HUN"]
[Date "2017.05.25"]
[Round "8.9"]
[White "Kollars, Dmitrij"]
[Black "Efimenko, Zahar"]
[Result "1/2-1/2"]
[WhiteTitle "IM"]
[BlackTitle "GM"]
[WhiteElo "2503"]
[BlackElo "2648"]
[WhiteFideId "12909572"]
[BlackFideId "14107201"]
[EventDate "2017.05.18"]

1. e4 e5 2. Nf3 Nc6 3. Bc4 Bc5 4. c3 Nf6 5. d3 d6 6. O-O h6 7. Nbd2 O-O 8. Bb3
Be6 9. Re1 a6 10. Nf1 Re8 11. Bxe6 fxe6 12. b4 Bb6 13. a4 a5 14. b5 Nb8 15. Ne3
Nbd7 16. Nc4 Bc5 17. Be3 Bxe3 18. Rxe3 Qe7 19. Qb3 Qf7 20. h3 Rf8 21. b6 Nxb6
22. Nxb6 cxb6 23. Qxb6 Qd7 24. d4 exd4 25. cxd4 Rfc8 26. Rb1 Rc4 27. Qxb7 Qxb7
28. Rxb7 Rxa4 29. Re1 Rb4 30. Rxb4 axb4 31. e5 dxe5 32. Nxe5 b3 33. Rb1 Rb8 34.
Rb2 Rb4 1/2-1/2

[Event "36th Zalakaros Open 2017"]
[Site "Zalakaros HUN"]
[Date "2017.05.25"]
[Round "8.11"]
[White "Prohaszka, Peter2"]
[Black "Chernyshov, Konstantin"]
[Result "1/2-1/2"]
[WhiteTitle "GM"]
[BlackTitle "GM"]
[WhiteElo "2596"]
[BlackElo "2485"]
[WhiteFideId "726265"]
[BlackFideId "4117328"]
[EventDate "2017.05.18"]

1. d4 e6 2. g3 c5 3. Nf3 Nf6 4. Bg2 Nc6 5. O-O Be7 6. c4 cxd4 7. Nxd4 a6 8. Nc3
Qc7 9. b3 O-O 10. Bb2 d6 11. Rc1 Nxd4 12. Qxd4 Bd7 13. Rfd1 Rfd8 14. Qf4 Rac8
15. Rd3 Be8 16. g4 Nd7 17. g5 d5 18. Qxc7 Rxc7 19. cxd5 Bxg5 20. d6 Rcc8 21.
Rcd1 Nc5 22. Rg3 Bf4 23. Rg4 g5 24. Ne4 f5 25. Nf6+ Kf7 26. Rxf4 gxf4 27. Bf3 e5
28. Nxe8 Rxe8 29. d7 Nxd7 30. Rxd7+ Ke6 31. Rxb7 Rc2 32. Bh5 Rg8+ 33. Kf1 Rg5
34. Bf7+ Kf6 35. Ba3 Rg7 36. Bd5 Rxb7 37. Bxb7 a5 38. Bd6 Ke6 39. Bb8 Rxa2 40.
Bc6 Rc2 41. Ba4 Rc1+ 42. Kg2 Rc2 43. Bb5 Rc3 44. f3 Kf6 45. Ba4 Rc8 46. Ba7 Rc2
47. Kf2 e4 48. Bb6 e3+ 49. Kf1 Rc1+ 50. Kg2 Rc2 51. Bb5 Ke5 52. Bd3 Ra2 53. Kh3
Kf6 54. Kh4 Kg6 55. Bc7 a4 56. bxa4 Rxa4 57. Be5 Rb4 58. Bd6 Rd4 59. Bc7 Rb4 60.
Be5 h5 61. Bd6 Rd4 62. Bc7 Rd7 63. Be5 Rd5 64. Bc3 Rc5 65. Bb4 Rd5 66. Kh3 Rd4
67. Ba5 Kg5 68. Kg2 h4 69. Kh3 Rd7 70. Bb6 Rd6 71. Bc5 Rd7 72. Bb5 Rb7 73. Ba6
Rc7 74. Bb6 Rd7 75. Bc4 Rd6 76. Bc5 Rd7 77. Bd3 Rb7 78. Kg2 Rd7 79. Bb5 Rb7 80.
Ba6 Rd7 81. Bb4 Ra7 82. Bd3 Rb7 83. Be1 Ra7 84. Kh3 Rh7 85. Bb5 Rh8 86. Bb4 Rh7
87. Ba5 Rh8 88. Bc7 Rg8 89. Bd7 Rh8 90. Bd6 Rh7 91. Bc6 Ra7 92. Bb5 Rb7 93. Ba6
Rd7 94. Bc5 1/2-1/2

[Event "36th Zalakaros Open 2017"]
[Site "Zalakaros HUN"]
[Date "2017.05.25"]
[Round "8.14"]
[White "Antal, Gergely"]
[Black "Krzyzanowski, Marcin"]
[Result "1/2-1/2"]
[WhiteTitle "GM"]
[BlackTitle "IM"]
[WhiteElo "2517"]
[BlackElo "2457"]
[WhiteFideId "717312"]
[BlackFideId "1132199"]
[EventDate "2017.05.18"]

1. e4 c5 2. Nf3 d6 3. d4 cxd4 4. Qxd4 Nf6 5. Nc3 Bd7 6. Bg5 Nc6 7. Qd2 a6 8.
O-O-O b5 9. Kb1 e6 10. Bxf6 gxf6 11. Ne2 Qb6 12. Nfd4 Be7 13. h4 Ne5 14. Ng3 Nc4
15. Qh6 O-O-O 16. Be2 Kb8 17. Qc1 Qa5 18. f4 Rc8 19. Rh3 Rhg8 20. Bf1 Rc7 21.
Nh5 Qb6 22. f5 d5 23. exd5 e5 24. Nc6+ Bxc6 25. dxc6 Qxc6 26. Rhd3 Rgc8 27. Ng3
Bc5 28. c3 Bf2 29. Rf3 Bxg3 30. Rxg3 Qe4+ 31. Bd3 Qxh4 32. Rh3 Qg4 33. Bxc4 Rxc4
34. Qc2 b4 35. Rxh7 R4c7 36. Rdh1 bxc3 37. R7h4 Qg3 38. Rb4+ Ka7 39. Rc1 Qe3 40.
Rb3 Rb8 41. Rxc3 Rxc3 42. Qxc3 Qe4+ 43. Qc2 1/2-1/2

[Event "36th Zalakaros Open 2017"]
[Site "Zalakaros HUN"]
[Date "2017.05.25"]
[Round "8.19"]
[White "Kozak, Adam"]
[Black "Gasanov, Eldar"]
[Result "1/2-1/2"]
[WhiteTitle "FM"]
[BlackTitle "GM"]
[WhiteElo "2411"]
[BlackElo "2484"]
[WhiteFideId "753246"]
[BlackFideId "14104466"]
[EventDate "2017.05.18"]

1. d4 d6 2. Nf3 f5 3. g3 g6 4. Bg2 Bg7 5. O-O Nf6 6. c4 O-O 7. Nc3 e6 8. b3 Nc6
9. Bb2 Ne4 10. Nxe4 fxe4 11. Ne1 d5 12. Nc2 a5 13. e3 a4 14. Qe2 axb3 15. axb3
Rxa1 16. Rxa1 Qf6 17. Bc3 b6 18. Qd2 Bb7 19. Ra2 Qf7 20. Qe2 h6 21. Na3 Ne7 22.
Nb5 Nf5 23. Bb4 Ra8 24. Rxa8+ Bxa8 25. Qa2 Bc6 26. Nc3 Qe8 27. Bf1 Bf6 28. Qa7
Qd7 29. c5 bxc5 30. Bxc5 Qc8 31. Ba6 Qa8 32. Qxa8+ Bxa8 33. Nb5 Bd8 34. Ba7 c6
35. Nc3 Nd6 36. Bb8 Bb7 37. Be2 Be7 38. Na4 Nb5 39. Bxb5 cxb5 40. Nc5 Bc8 41.
Kf1 Bd8 42. Bd6 1/2-1/2

[Event "36th Zalakaros Open 2017"]
[Site "Zalakaros HUN"]
[Date "2017.05.25"]
[Round "8.21"]
[White "Praggnanandhaa, R"]
[Black "Li, Bo"]
[Result "0-1"]
[WhiteTitle "IM"]
[BlackTitle "IM"]
[WhiteElo "2471"]
[BlackElo "2359"]
[WhiteFideId "25059530"]
[BlackFideId "8602786"]
[EventDate "2017.05.18"]

1... O-O 2. h4 f6 3. exf6 gxf6 4. Bh6 Rfe8 5. Bd1 Kh7 6. Bd2 Rad8 7. Re2 Kg7 8.
Bc2 Kf7 9. b4 Nd7 10. a5 Ne5 11. Nb2 Rd7 12. Rae1 Red8 13. c4 Ne7 14. Bc3 Nf5
15. f4 Ng4 16. Kh3 Nfh6 17. Be4 f5 18. Bf3 e5 19. fxe5 Rd3 20. Bd5+ R8xd5 21.
cxd5 Rxc3 22. d6 f4 23. Rg1 Bb8 24. e6+ Ke8 25. Na4 Ra3 26. d7+ Ke7 27. Nc5 Bc7
28. Rd2 fxg3 29. Re1 Nf2+ 30. Kg2 Nf5 31. Nxb7 Nxh4+ 32. Kf1 Nd3 33. Re4 g2+ 34.
Rxg2 Nxg2 35. Kxg2 g5 36. Kf1 Nf4 37. Kf2 Rd3 38. Ke1 Rd5 39. Kf2 Nxe6 40. Nc5
Rxc5 41. bxc5 Bxa5 42. Ra4 Bd8 43. Rxa7 Nxc5 44. Kf3 Nxd7 45. Kg4 Ke6 0-1

[Event "36th Zalakaros Open 2017"]
[Site "Zalakaros HUN"]
[Date "2017.05.25"]
[Round "8.24"]
[White "Saptarshi, Roy"]
[Black "Swayams, Mishra"]
[Result "1/2-1/2"]
[WhiteTitle "IM"]
[BlackTitle "IM"]
[WhiteElo "2407"]
[BlackElo "2448"]
[WhiteFideId "5008980"]
[BlackFideId "5028183"]
[EventDate "2017.05.18"]

1. e4 e6 2. d4 d5 3. Nc3 Nf6 4. Bg5 Bb4 5. Ne2 h6 6. Bxf6 Qxf6 7. a3 Ba5 8. Qd3
O-O 9. Qe3 Bxc3+ 10. Qxc3 dxe4 11. Qxc7 Nc6 12. c3 Rd8 13. Qf4 Qxf4 14. Nxf4 e5
15. dxe5 Nxe5 16. Be2 Bf5 17. Rd1 Rxd1+ 18. Kxd1 g5 19. Nh5 Bg6 20. Nf6+ Kg7 21.
Ng4 Nc6 22. Ne3 f5 23. Kc1 Rd8 24. Nc4 Bf7 25. Ne3 f4 26. Nc2 Bb3 27. Re1 Kf6
28. Bb5 Bxc2 29. Kxc2 Kf5 30. Bxc6 bxc6 31. b4 h5 32. a4 a6 33. a5 h4 34. c4 Ke5
35. b5 cxb5 36. cxb5 Rc8+ 37. Kd2 axb5 38. Rb1 Rb8 39. Rb4 Kd5 40. a6 Rb6 41. a7
Ra6 42. Rxb5+ Kc4 43. Rb7 Ra2+ 44. Kd1 Kc3 45. Rc7+ Kd3 46. Rd7+ Kc3 47. Rc7+
Kd3 48. Rd7+ 1/2-1/2

[Event "36th Zalakaros Open 2017"]
[Site "Zalakaros HUN"]
[Date "2017.05.25"]
[Round "8.26"]
[White "Cebalo, Miso"]
[Black "Nguyen, Piotr"]
[Result "1/2-1/2"]
[WhiteTitle "GM"]
[BlackTitle "IM"]
[WhiteElo "2320"]
[BlackElo "2453"]
[WhiteFideId "14500094"]
[BlackFideId "1127993"]
[EventDate "2017.05.18"]

1. d4 e6 2. c4 b6 3. Nf3 Bb7 4. g3 Bb4+ 5. Bd2 Bxf3 6. exf3 Bxd2+ 7. Qxd2 d5 8.
f4 Ne7 9. Bg2 c6 10. O-O O-O 11. Rd1 Nd7 12. Na3 Rc8 13. Rac1 Nf5 14. b4 Nf6 15.
c5 Qd7 16. Nc2 Qb7 17. Ne3 Nxe3 18. fxe3 Ra8 19. a4 bxc5 20. Rxc5 Rfb8 21. Rb1
Nd7 22. Rcc1 a5 23. b5 cxb5 24. Rxb5 Qa7 25. Bf1 g6 26. Rc6 Rxb5 27. Bxb5 Qb8
28. Qc3 Nf6 29. Qa3 Qd8 30. Kg2 Kg7 31. Kf3 Rc8 32. Rxc8 Qxc8 33. Qc5 Qxc5 34.
dxc5 Kf8 35. c6 Ne8 36. e4 dxe4+ 37. Kxe4 Ke7 38. g4 h6 39. h4 Nf6+ 40. Kd4 Kd6
41. g5 hxg5 42. hxg5 Nd5 43. Ke4 Nc7 44. Kd4 Na8 45. Ke4 Nc7 46. Kd4 Ne8 47. Ke4
f6 48. gxf6 Nxf6+ 49. Kd4 Nd5 50. Ke4 Nf6+ 51. Kd4 Nd5 52. Ke4 1/2-1/2

[Event "36th Zalakaros Open 2017"]
[Site "Zalakaros HUN"]
[Date "2017.05.25"]
[Round "8.30"]
[White "Frolov, Artur"]
[Black "Raja, Harshit"]
[Result "1/2-1/2"]
[WhiteTitle "IM"]
[WhiteElo "2410"]
[BlackElo "2334"]
[WhiteFideId "14100134"]
[BlackFideId "5089000"]
[EventDate "2017.05.18"]

1. e4 c5 2. Nf3 d6 3. d4 cxd4 4. Nxd4 Nf6 5. Nc3 a6 6. Be3 e5 7. Nb3 Be6 8. Qd2
Be7 9. f3 O-O 10. O-O-O Nbd7 11. g4 b5 12. g5 b4 13. Nd5 Nxd5 14. exd5 Bf5 15.
Rg1 a5 16. Bd3 Bg6 17. Kb1 Nb6 18. Qf2 Nd7 19. h4 a4 20. Nd2 Bxd3 21. cxd3 b3
22. Nc4 bxa2+ 23. Ka1 Qb8 24. f4 f5 25. gxf6 Bxf6 26. fxe5 Nxe5 27. Bd4 Qb3 28.
Qg2 g6 29. h5 1/2-1/2

[Event "36th Zalakaros Open 2017"]
[Site "Zalakaros HUN"]
[Date "2017.05.25"]
[Round "8.37"]
[White "Juhasz, Armin"]
[Black "Szabo, Marton Mihaly"]
[Result "1/2-1/2"]
[WhiteTitle "IM"]
[BlackTitle "FM"]
[WhiteElo "2410"]
[BlackElo "2298"]
[WhiteFideId "724270"]
[BlackFideId "787086"]
[EventDate "2017.05.18"]

1. d4 Nf6 2. Nf3 e6 3. e3 b6 4. Bd3 Bb7 5. O-O d5 6. b3 Bd6 7. Bb2 O-O 8. c4
Nbd7 9. Nc3 a6 10. Rc1 Qe7 11. Na4 dxc4 12. bxc4 c5 13. Ne5 Rab8 14. Qe2 Ba8 15.
f4 Ne4 16. Nc3 Nxc3 17. Bxc3 Nf6 18. Qc2 b5 19. Be1 bxc4 20. Nxc4 cxd4 21. e4
Ba3 22. Rb1 Rxb1 23. Qxb1 Bc5 24. Bh4 Qb7 25. Bxf6 1/2-1/2

[Event "36th Zalakaros Open 2017"]
[Site "Zalakaros HUN"]
[Date "2017.05.25"]
[Round "8.41"]
[White "Sadhwani, Raunak"]
[Black "Gara, Anita"]
[Result "1/2-1/2"]
[WhiteTitle "FM"]
[BlackTitle "IM"]
[WhiteElo "2298"]
[BlackElo "2373"]
[WhiteFideId "35093487"]
[BlackFideId "709751"]
[EventDate "2017.05.18"]

1. e4 c5 2. Nf3 Nc6 3. d4 cxd4 4. Nxd4 e5 5. Nb5 d6 6. N1c3 a6 7. Na3 Be7 8. Nc4
b5 9. Ne3 Nf6 10. Bd3 O-O 11. O-O Rb8 12. a4 Nb4 13. axb5 axb5 14. Be2 Be6 15.
Ncd5 Nbxd5 16. exd5 Bd7 17. c3 Ne4 18. Nc2 f5 19. f3 Nc5 20. Nb4 Qc8 21. f4 Bd8
22. Kh1 Bb6 23. Bf3 Ne4 24. fxe5 dxe5 25. Bxe4 fxe4 26. Bg5 Qc4 27. Be7 Rxf1+
28. Qxf1 e3 29. Qxc4 bxc4 30. Re1 Ra8 31. h3 h6 32. Bd6 Bf5 33. Bxe5 Re8 34. Bg3
e2 35. d6 Kf7 36. Nc6 Re4 37. Ne5+ Ke6 38. Nf3 Kd5 39. Ra1 Re8 40. Ra6 Bc5 41.
Ra5 Kc6 42. Kh2 Kb6 43. Ra1 Rd8 44. Ne5 Kb5 45. Re1 Bd3 46. b3 Bxd6 47. bxc4+
Bxc4 48. Nxc4 Kxc4 49. Bxd6 Rxd6 50. Rxe2 Kxc3 51. Re7 Rg6 52. Rd7 Kc4 53. g4
Kc5 54. Kg3 Kc6 55. Ra7 Kd5 56. h4 Ke5 57. Ra5+ Ke6 58. Ra7 Ke5 59. Rf7 Ke6 60.
Rb7 Ke5 61. Ra7 Ke6 62. Kf4 Rf6+ 63. Ke4 Rf7 64. Ra6+ Ke7 65. Ra7+ Ke6 66. Ra6+
Ke7 1/2-1/2

[Event "36th Zalakaros Open 2017"]
[Site "Zalakaros HUN"]
[Date "2017.05.25"]
[Round "8.45"]
[White "Sankalp, Gupta"]
[Black "Arman, Deniz"]
[Result "1/2-1/2"]
[BlackTitle "FM"]
[WhiteElo "2269"]
[BlackElo "2377"]
[WhiteFideId "5097010"]
[BlackFideId "6302106"]
[EventDate "2017.05.18"]

1. e4 c5 2. Nf3 d6 3. d4 cxd4 4. Nxd4 Nf6 5. Nc3 a6 6. Bg5 e6 7. f4 Be7 8. Qe2
h6 9. Bxf6 Bxf6 10. O-O-O Qa5 11. Qd2 Qc7 12. g4 Be7 13. Bg2 Nc6 14. Nxc6 bxc6
15. h4 Rb8 16. g5 h5 17. Bh3 O-O 18. f5 exf5 19. exf5 d5 20. Ne2 Bd6 21. f6 g6
22. Bxc8 Rfxc8 23. Rh3 Rb4 24. Kb1 Rcb8 25. b3 Qd7 26. Qd3 Be5 27. Re3 Qd6 28.
Ng1 Rd4 29. Qe2 Rxd1+ 30. Qxd1 Bg3 31. Nf3 Qf8 32. Qe2 a5 33. Nd4 Bxh4 34. Nxc6
Bxg5 35. Re5 Bxf6 36. Nxb8 Bxe5 37. Qxe5 f6 38. Qxd5+ Kg7 39. Nc6 h4 40. Nd4 Qe7
41. Ne6+ Kh6 42. Qe4 Qb4 43. Nd4 g5 44. Nf5+ Kh5 45. Ng7+ Kh6 46. Nf5+ Kh5 47.
Qe2+ g4 48. Qe3 Qf8 49. Qf2 Kg5 50. Nxh4 f5 51. Qg3 Qe7 52. Nf3+ Kh5 53. Qh2+
Kg6 54. Ne5+ Kg5 55. Qd2+ f4 56. Qd5 Qf6 57. Qg8+ Kf5 58. Nxg4 Qh4 59. Qc8+ Kg5
60. Qg8+ Kf5 61. Qc8+ Kg5 62. Qg8+ Kf5 1/2-1/2